00274nam a2200121Ia 4500008004100000082001600041100001400057245002800071250000900099260002300108300001300131650000800144191201s2007 xx 000 0 und d a658.15bKHI aKHAN, M Y 0aIndian Financial System aRep. aN.DelhibTMHc2007 a17.68-17 aMBA